[Event "Druzynowe Mistrzostwa Polski Juniorow - II liga"]
[Site "Sypniewo k. Jastrowia"]
[Date "2023-06-21"]
[Round "8.13"]
[White "Spytek, Hubert"]
[Black "Wieckowski, Michal"]
[Result "1/2-1/2"]
[WhiteTitle "II+"]
[BlackTitle "I"]
[WhiteElo "1440"]
[BlackElo "1612"]

1. Nf3 2. g6 3. g3 4. Bg7 5. Bg2 6. Nf6 7. O-O 8. O-O 9. c4 10. d6 11. Nc3 12.
e5 13. d3 14. c5 15. Rb1 16. Nc6 17. Nd2 18. Be6 19. Nde4 20. Nxe4 21. Bxe4 22.
f5 23. Bd5 24. Qd7 25. Bxe6+ 26. Qxe6 27. Nd5 28. Rab8 29. f4 30. e4 31. e3 32.
Rf7 33. b3 34. Rd8 35. Bb2 36. Ne7 37. Nxe7+ 38. Rxe7 39. Bxg7 40. Kxg7 41. d4
42. Red7 43. d5 44. Qf6 45. Qc2 46. Rc7 47. Qb2 48. Rb8 49. Qxf6+ 50. Kxf6 51.
Rbc1 52. a6 53. Rc2 54. b5 55. Rfc1 56. h6 57. Rg2 58. a5 59. cxb5 60. Rxb5 61.
Rc4 62. Rb4 63. Rgc2 64. Rcb7 65. Rxb4 66. Rxb4 67. Rc4 68. Ke7 69. Kf2 70. Kd7
71. Ke2 72. Kc7 73. Kd2 74. Rb8 75. Rc2 76. a4 77. Kc3 78. axb3 79. axb3 80. Ra8
81. Kb2 82. Kb6 83. Rc1 84. Kb5 85. Rc2 86. Rc8 87. Rc4 88. Rc7 89. Ka3 90. Re7
91. Kb2 92. g5 93. Rc2 94. gxf4 95. gxf4 96. Rg7 97. Kc3 98. Rg1 99. Ra2 100.
Re1 101. Kd2 102. Rh1 103. Kc3 104. h5 105. Ra8 106. Rxh2 107. Rb8+ 108. Ka5 109.
Rf8 110. Re2 111. Rxf5 112. Rxe3+ 113. Kc2 114. h4 115. Rf6 116. h3 117. Rxd6
118. h2 119. Rh6 120. Re2+ 121. Kc3 122. Kb5 123. f5 124. Rf2 125. f6 126. e3
127. f7 128. e2 129. Kd2 130. Rxf7 131. Rxh2 132. Kb4 133. Rxe2 134. Kxb3 135.
Re3+ 136. Kc4 137. d6 138. Rf2+ 139. Re2 140. Rf6 141. Kc2 142. Rxd6 143. Re4+
144. Rd4 145. Rxd4+ 146. Kxd4 147. Kd2 148. c4 149. Kc2 150. c3 151. Kc1 152.
Kc4 153. Kc2 154. Kb4 155. Kc1 156. Kb3 157. Kb1 158. c2+ 159. Kc1 160. Kc3 1/2-1/2

[Event "Druzynowe Mistrzostwa Polski Juniorow - II liga"]
[Site "Sypniewo k. Jastrowia"]
[Date "2023-06-21"]
[Round "8.14"]
[White "Klask, Franciszek"]
[Black "Nowakowski, Maksymilian"]
[Result "0-1"]
[WhiteTitle "II"]
[BlackTitle "I"]
[WhiteElo "1302"]
[BlackElo "1646"]

1. d4 2. Nf6 3. c4 4. e6 5. Nf3 6. Bb4+ 7. Bd2 8. Qe7 9. g3 Nc6 10. Bg2 11. O-O
12. O-O Bxd2 13. Qxd2 14. d6 15. Nc3 16. e5 17. d5 18. Nd8 19. e4 20. Nh5 21.
h3 22. g6 23. Nh2 24. f5 25. Qe2 26. Nf7 27. exf5 28. Bxf5 29. Qe3 30. Bd7 31.
Ne4 32. Kg7 33. Qc3 34. Bf5 35. Nd2 36. Nf6 37. g4 38. Bd7 39. f4 40. exf4 41.
g5 42. Nxg5 43. Rxf4 44. Qe5 45. Rd4 46. Nxh3+ 47. Bxh3 48. Bxh3 49. Ne4 50. Kg8
51. Re1 52. Nxe4 53. Rexe4 54. Qg5+ 55. Ng4 56. Rf1+ 57. Kh2 58. Bxg4 59. Rxg4
60. Qh5+ 61. Kg3 62. Rg1+ 63. Kf2 64. Rxg4 65. Rxg4 66. Qxg4 67. Qe3 68. Rf8+
69. Ke1 70. Qg2 0-1

[Event "Druzynowe Mistrzostwa Polski Juniorow - II liga"]
[Site "Sypniewo k. Jastrowia"]
[Date "2023-06-21"]
[Round "8.16"]
[White "Czarkowska, Dalia"]
[Black "Gornisiewicz, Natalia"]
[Result "1/2-1/2"]
[WhiteTitle "I"]
[BlackTitle "I++"]
[WhiteElo "1253"]
[BlackElo "1533"]

1. d4 2. Nf6 3. Nf3 4. g6 5. g3 6. Bg7 7. Bg2 8. O-O 9. O-O 10. d6 11. b3 12. a6
13. a4 14. Nbd7 15. c4 16. Rb8 17. Nc3 18. c5 19. Bb2 20. Ne8 21. d5 22. Nc7 23.
Qc2 24. b5 25. axb5 26. axb5 27. Rfb1 28. Nf6 29. e4 30. e6 31. Nd2 32. Re8 33.
Re1 34. bxc4 35. bxc4 36. exd5 37. exd5 38. Bf5 39. Rxe8+ 40. Qxe8 41. Qc1 42.
Ng4 43. Nde4 44. Qd8 45. Na4 46. Bxb2 47. Nxb2 48. Bxe4 49. Bxe4 50. Qf6 51. Nd3
52. Qd4 53. Bf3 54. Nxh2 55. Kxh2 56. Qxd3 57. Kg2 58. Rb4 59. Qf4 60. Qd4 61.
Qxd4 62. cxd4 63. Be2 64. Rb2 65. Kf3 66. Ne8 67. Rd1 68. Rb3+ 69. Ke4 70. Rb2
1/2-1/2

[Event "Druzynowe Mistrzostwa Polski Juniorow - II liga"]
[Site "Sypniewo k. Jastrowia"]
[Date "2023-06-21"]
[Round "8.17"]
[White "Owczarek, Hanna"]
[Black "Matyrzynska, Walentyna"]
[Result "1-0"]
[WhiteTitle "I"]
[BlackTitle "II"]
[WhiteElo "1326"]
[BlackElo "1078"]

1. e4 2. c5 3. Nf3 4. d6 5. c3 6. Nf6 7. Be2 8. Nc6 9. d4 10. cxd4 11. cxd4 12.
e6 13. Nc3 14. Be7 15. d5 16. exd5 17. exd5 18. Nb4 19. Qa4+ 20. Bd7 21. Qxb4
22. b6 23. Bb5 24. Bxb5 25. Qxb5+ 26. Qd7 27. Qxd7+ 28. Nxd7 29. O-O 30. O-O 31.
Be3 32. Bf6 33. Bd4 34. Rfe8 35. Bxf6 36. Nxf6 37. Rfe1 38. a6 39. h3 40. Kf8
41. Nd4 42. Rac8 43. Nf5 44. Red8 45. Re3 46. Re8 47. Nxd6 48. Rxe3 49. Nxc8 50.
Rd3 51. Nxb6 52. Ke7 53. Re1+ 54. Kd8 55. Ne4 56. Nxd5 57. Nxd5 58. Rxd5 59. Re2
60. Re5 61. Nc3 62. Rxe2 63. Nxe2 64. Kd7 65. Kf1 66. f6 67. Nf4 68. Kd6 69. Nh5
70. g6 71. Nxf6 72. h6 73. Ne4+ 74. Ke5 75. Nc5 76. a5 77. Nb7 78. a4 79. Nc5
80. a3 81. bxa3 82. Kd5 83. Nd7 84. h5 85. g4 86. hxg4 87. hxg4 88. g5 89. Nf6+
90. Ke6 91. Nh7 92. Kd6 93. Nxg5 94. Kd5 95. f4 96. Kd4 97. f5 98. Ke5 99. a4
100. Kf4 101. f6 102. Kxg5 103. f7 104. Kxg4 105. f8=Q 106. Kg5 107. a5 1-0

[Event "Druzynowe Mistrzostwa Polski Juniorow - II liga"]
[Site "Sypniewo k. Jastrowia"]
[Date "2023-06-21"]
[Round "8.18"]
[White "Wilgosz, Szczepan"]
[Black "Rychlik, Michal"]
[Result "1/2-1/2"]
[WhiteTitle "I"]
[BlackTitle "I"]
[WhiteElo "1650"]
[BlackElo "1839"]

1. e4 2. g6 3. d4 4. Bg7 5. Nc3 6. d6 7. f4 8. a6 9. Nf3 10. b5 11. Bd3 12. Nd7
13. Qe2 14. c5 15. dxc5 16. Nxc5 17. e5 18. Nh6 19. O-O 20. O-O 21. exd6 22. Qxd6
23. Ne4 24. Qc7 25. Nxc5 26. Qxc5+ 27. Be3 28. Qc7 29. Be4 30. Rb8 31. Ne5 32.
Bf5 33. Bd4 34. Bxe4 35. Qxe4 36. Nf5 37. c3 38. Rfc8 39. Rad1 40. b4 41. Rc1
42. Nxd4 43. cxd4 44. Qxc1 45. Rxc1 46. Rxc1+ 47. Kf2 48. Rbc8 49. Qb7 50. Bxe5
51. dxe5 52. R8c2+ 53. Kg3 54. Rg1 55. Qxe7 56. Rgxg2+ 57. Kf3 58. Rgf2+ 59. Kg3
60. Rg2+ 61. Kf3 1/2-1/2

[Event "Druzynowe Mistrzostwa Polski Juniorow - II liga"]
[Site "Sypniewo k. Jastrowia"]
[Date "2023-06-21"]
[Round "8.19"]
[White "Haluja, Wiktor"]
[Black "Marek, Grzegorz"]
[Result "1-0"]
[WhiteTitle "II+"]
[BlackTitle "I"]
[WhiteElo "1573"]
[BlackElo "1651"]

1. e4 2. c5 3. Nf3 4. Nc6 5. d4 6. cxd4 7. Nxd4 8. Nf6 9. Nc3 10. e5 11. Ndb5 12.
d6 13. Nd5 14. Nxd5 15. exd5 16. Nb8 17. Qd3 18. a6 19. Qa3 20. Be7 21. Bg5 22.
f6 23. Bd2 24. O-O 25. Bb4 26. axb5 27. Qxa8 28. Na6 29. Bd2 30. Qc7 31. Qa7 32.
Qxc2 33. Rc1 34. Qe4+ 35. Qe3 36. Qxd5 37. a4 38. Bd7 39. axb5 40. Bxb5 41. Bxb5
42. Qxb5 43. Qe2 44. Qd7 45. O-O 46. d5 47. Rfd1 48. Kh8 49. f3 50. d4 51. Qc4
52. Bd6 53. Qd5 54. Qe7 55. Be1 56. Rd8 57. Ba5 58. Bc7 59. Qxb7 60. Rb8 61. Qxa6
62. Bxa5 63. Qxa5 64. h5 65. Rc7 66. Qe6 67. Qa7 68. Qb3 69. Rf1 70. Qe3+ 71.
Kh1 72. Rxb2 73. Rxg7 74. Qd3 75. Rc1 76. Rb8 77. Rh7+ 1-0

[Event "Druzynowe Mistrzostwa Polski Juniorow - II liga"]
[Site "Sypniewo k. Jastrowia"]
[Date "2023-06-21"]
[Round "8.20"]
[White "Zajadlak, Milosz"]
[Black "Majcher, Igor"]
[Result "1-0"]
[WhiteTitle "II"]
[BlackTitle "I"]
[WhiteElo "1290"]
[BlackElo "1732"]

1. e4 2. c5 3. Nf3 4. d6 5. d4 6. cxd4 7. Nxd4 8. Nf6 9. Nc3 10. a6 11. Bc4 12.
b5 13. Bb3 14. e6 15. O-O 16. Bb7 17. Re1 18. Nc6 19. f4 20. Nxd4 21. Qxd4 22.
Rc8 23. Be3 24. Be7 25. a4 26. Bc6 27. axb5 28. axb5 29. Ra6 30. O-O 31. Rd1 32.
Ng4 33. f5 34. Nxe3 35. Qxe3 36. b4 37. Ne2 38. Bb5 39. Raa1 40. exf5 41. exf5
42. Bg5 43. Qf3 44. Bxe2 45. Qxe2 46. Qb6+ 47. Kh1 48. Rfe8 49. Qh5 50. Qe3 51.
Bxf7+ 52. Kh8 53. Bxe8 54. Rxe8 55. h4 56. Bf6 57. Re1 58. Qxe1+ 59. Rxe1 60.
Rxe1+ 61. Kh2 62. Bxb2 63. Qf3 64. h6 65. g4 66. Be5+ 67. Kg2 68. Bd4 69. g5 70.
Rg1+ 71. Kh2 72. hxg5 73. Qh5+ 74. Kg8 75. hxg5 76. Rf1 77. Qe8+ 78. Kh7 79. Qg6+
80. Kg8 81. f6 82. Bxf6 83. gxf6 84. Rxf6 85. Qe8+ 86. Kh7 87. Qe4+ 88. Kh6 89.
Qxb4 90. Kg6 91. Kg3 92. Kh6 93. Kg4 94. Kg6 95. Qb5 96. Kf7 97. Qd7+ 98. Kg6
99. Qe8+ 100. Kh7 101. Kg5 102. Rf1 103. Qg6+ 104. Kh8 105. Qxd6 1-0

[Event "Druzynowe Mistrzostwa Polski Juniorow - II liga"]
[Site "Sypniewo k. Jastrowia"]
[Date "2023-06-21"]
[Round "8.21"]
[White "Bilochenko, Matvii"]
[Black "Wasilko, Szymon"]
[Result "1-0"]
[WhiteTitle "II+"]
[BlackTitle "II"]
[WhiteElo "1438"]
[BlackElo "1149"]

1. d4 2. d5 3. c4 4. c6 5. Nf3 6. Nf6 7. g3 8. e6 9. Bg2 10. dxc4 11. Ne5 12. Nbd7
13. Nxc4 14. Be7 15. O-O 16. O-O 17. e4 18. Nb6 19. Ne3 20. h6 21. a4 22. a5 23.
b3 24. Bb4 25. Bb2 26. Re8 27. Qc2 28. Qc7 29. Nd2 30. Qe7 31. Ndc4 32. Nxc4 33.
bxc4 34. c5 35. e5 36. Nd7 37. d5 38. exd5 39. Nxd5 40. Qd8 41. f4 42. Nb6 43.
Rad1 44. Nxd5 45. Bxd5 46. Qb6 47. f5 48. Bd7 49. Bxf7+ 50. Kxf7 51. Rxd7+ 52.
Kg8 53. e6 54. Qc6 55. Rxg7+ 56. Kf8 57. Rf7+ 58. Kg8 59. f6 60. Qxe6 61. Qh7#
1-0

[Event "Druzynowe Mistrzostwa Polski Juniorow - II liga"]
[Site "Sypniewo k. Jastrowia"]
[Date "2023-06-21"]
[Round "8.22"]
[White "Pietrzak, Emilia"]
[Black "Lopusiewicz, Marta"]
[Result "1/2-1/2"]
[WhiteTitle "I+"]
[BlackTitle "II+"]
[WhiteElo "1456"]
[BlackElo "1153"]

1. e4 2. c6 3. d4 4. d5 5. exd5 6. cxd5 7. c4 8. Nf6 9. Nc3 10. g6 11. Qb3 12.
Bg7 13. cxd5 14. O-O 15. Nf3 16. Nbd7 17. d6 18. exd6 19. Be2 20. Nb6 21. O-O
22. Be6 23. Qd1 24. Rc8 25. Bg5 26. Nbd5 27. Rc1 28. Qb6 29. Nxd5 30. Bxd5 31.
b3 32. Ne4 33. Be3 34. Nc3 35. Qd2 36. Nxe2+ 37. Qxe2 38. Rxc1 39. Rxc1 40. Bxf3
41. Qxf3 42. Bxd4 43. Bxd4 44. Qxd4 45. Qxb7 46. Qb2 47. Rd1 48. Qxa2 49. g3 50.
Re8 51. Rxd6 52. Qb1+ 53. Kg2 54. Qe4+ 55. Qxe4 56. Rxe4 57. Ra6 58. Rb4 59. Rxa7
60. Rxb3 1/2-1/2

[Event "Druzynowe Mistrzostwa Polski Juniorow - II liga"]
[Site "Sypniewo k. Jastrowia"]
[Date "2023-06-21"]
[Round "8.23"]
[White "Michalska, Lena"]
[Black "Gorska, Amelia"]
[Result "1-0"]
[WhiteTitle "I"]
[BlackTitle "I"]
[WhiteElo "1461"]
[BlackElo "1216"]

1. c4 2. e5 3. Nc3 4. Nf6 5. g3 6. d5 7. cxd5 8. Nxd5 9. Bg2 10. Nb6 11. Nf3 12.
Nc6 13. a3 14. Be7 15. d3 16. O-O 17. O-O 18. Be6 19. b4 20. a6 21. Bb2 22. f5
23. Rc1 24. Qd7 25. Qc2 26. Bf6 27. e3 28. Rac8 29. Rfd1 30. Qf7 31. Qb1 32. Nd5
33. Nxd5 34. Bxd5 35. d4 36. Bxf3 37. Bxf3 38. e4 39. Be2 40. Kh8 41. Bxa6 42.
Nxb4 43. Bxb7 44. Rb8 45. axb4 46. Rxb7 47. Qc2 48. Be7 49. Bc3 50. Rc8 51. Qa4
52. Qf8 53. Rb1 54. Rcb8 55. Rdc1 56. Bxb4 57. Bxb4 58. Rxb4 59. Rxb4 60. Rxb4
61. Qc6 62. Qb8 63. Qxc7 64. Qxc7 65. Rxc7 66. Rb1+ 67. Kg2 68. g6 69. h3 70.
h5 71. g4 72. hxg4 73. hxg4 74. fxg4 75. Re7 76. Rb5 77. Rxe4 78. g3 79. Kxg3
80. Rg5+ 81. Rg4 82. Rxg4+ 83. Kxg4 84. Kg7 85. Kg5 86. Kf7 87. d5 88. Ke7 89.
Kxg6 1-0

[Event "Druzynowe Mistrzostwa Polski Juniorow - II liga"]
[Site "Sypniewo k. Jastrowia"]
[Date "2023-06-21"]
[Round "8.24"]
[White "Kulig, Pawel"]
[Black "Stepinski, Piotr"]
[Result "1/2-1/2"]
[WhiteTitle "I"]
[BlackTitle "I"]
[WhiteElo "1969"]
[BlackElo "1845"]

1. d4 2. d5 3. c4 4. dxc4 5. e3 6. Nf6 7. Bxc4 8. e6 9. Nf3 10. c5 11. O-O 12.
cxd4 13. Nxd4 14. Bc5 15. b3 16. O-O 17. Bb2 18. Nbd7 19. Nd2 20. a6 21. Be2 22.
Nb6 23. Rc1 24. Be7 25. Qc2 26. Nbd5 27. a3 28. Bd7 29. Rfd1 30. Rc8 31. Qb1 32.
Rxc1 33. Rxc1 34. Qb8 35. b4 36. Rc8 37. N2b3 38. Rxc1+ 39. Qxc1 40. Qc8 41. Qxc8+
42. Bxc8 43. Nc5 44. a5 45. Ndb3 46. axb4 47. axb4 48. Nxb4 49. Bf3 50. Nbd5 51.
e4 52. Nb4 53. Bc3 54. Na6 55. Na4 56. Bd7 57. Nb6 58. Bc6 59. Bxf6 60. Bxf6 61.
Na5 62. Bd4 63. Nbc4 64. Nb4 65. Nd6 66. b6 67. Nxc6 68. Nxc6 69. Nb5 70. Bc5
71. Kf1 72. e5 73. Bd1 74. Kf8 75. g3 76. Ke7 77. Ke2 78. h5 79. f4 80. h4 81.
Kf3 82. hxg3 83. hxg3 84. exf4 85. gxf4 86. Nd4+ 87. Nxd4 88. Bxd4 89. e5 90.
b5 91. Ke4 92. Bc3 93. Bb3 94. b4 95. Bc4 96. f6 97. exf6+ 98. Kxf6 99. Bb3 100.
Bd2 1/2-1/2

[Event "Druzynowe Mistrzostwa Polski Juniorow - II liga"]
[Site "Sypniewo k. Jastrowia"]
[Date "2023-06-21"]
[Round "8.25"]
[White "Haladaj, Adam"]
[Black "Ochalik, Filip"]
[Result "0-1"]
[WhiteTitle "I"]
[BlackTitle "I"]
[WhiteElo "1620"]
[BlackElo "1697"]

1. e4 2. c5 3. Nf3 4. Nc6 5. d4 6. cxd4 7. Nxd4 8. e5 9. Nb5 10. d6 11. N1c3 12.
a6 13. Na3 14. Be6 15. Nc4 16. Rb8 17. Bd3 18. Nf6 19. Ne3 20. Be7 21. O-O 22.
O-O 23. Ncd5 24. Bxd5 25. Nxd5 26. Nxd5 27. exd5 28. Nb4 29. Be2 30. a5 31. a3
32. Na6 33. c4 34. f5 35. Rb1 36. Bg5 37. Bxg5 38. Qxg5 39. Qa4 40. f4 41. f3
42. Qd8 43. Qb5 44. g5 45. b4 46. axb4 47. axb4 48. Qe7 49. Bd3 50. g4 51. Be4
52. h5 53. Rbc1 54. Rbc8 55. Rc3 56. gxf3 57. Rfxf3 58. Rf7 59. Rf2 60. Rg7 61.
Rfc2 62. Qh4 63. Rc1 64. f3 65. Bxf3 66. e4 67. Be2 68. Rf8 69. Rf1 70. Rxf1+
71. Bxf1 72. Nc7 73. Qxb7 74. Rf7 75. Rg3+ 76. Kh7 77. Qc8 78. Qf6 79. Qg8+ 80.
Kh6 81. h3 82. Qxf1+ 83. Kh2 84. Qf6 85. b5 86. Re7 87. b6 88. Na6 89. b7 90.
e3 91. Rf3 92. Qg7 93. Qd8 94. e2 95. Qxd6+ 96. Kh7 97. Qxa6 98. e1=Q 99. b8=Q
100. Qxg2+ 101. Kxg2 102. Re2+ 103. Rf2 104. Qxf2+ 105. Kh1 106. Qg2# 0-1

[Event "Druzynowe Mistrzostwa Polski Juniorow - II liga"]
[Site "Sypniewo k. Jastrowia"]
[Date "2023-06-21"]
[Round "8.26"]
[White "Futyma, Dawid"]
[Black "Gawlik, Olivier"]
[Result "1-0"]
[WhiteTitle "I"]
[BlackTitle "II+"]
[WhiteElo "1685"]
[BlackElo "1530"]

1. d4 2. Nf6 3. Nc3 4. d5 5. Bf4 6. c6 7. e3 8. Bf5 9. Nf3 10. e6 11. a3 12. Bd6
13. Ne5 O-O 14. Be2 15. Bxe5 16. Bxe5 17. Qe7 18. g4 19. Bg6 20. h4 21. h6 22.
Bf4 23. Nfd7 24. g5 25. Kh7 26. gxh6 27. gxh6 28. h5 29. Bf5 30. f3 31. e5 32.
dxe5 33. Nxe5 34. Qd4 35. f6 36. O-O-O 37. Nbd7 38. Bxh6 39. Kxh6 40. Qf4+ 41.
Kh7 42. Qxf5+ 43. Kh8 44. e4 45. Nb6 46. exd5 47. cxd5 48. Nxd5 49. Qc5 50. Nf4
51. Qe3+ 52. Kb1 53. Nbc4 54. Bxc4 55. Nxc4 56. Rd7 57. Nxa3+ 58. Ka2 59. Rf7
60. Rxf7 1-0

[Event "Druzynowe Mistrzostwa Polski Juniorow - II liga"]
[Site "Sypniewo k. Jastrowia"]
[Date "2023-06-21"]
[Round "8.27"]
[White "Szymczyk, Jan"]
[Black "Krzyzek, Daniel"]
[Result "1/2-1/2"]
[WhiteTitle "II"]
[BlackTitle "II"]
[WhiteElo "1304"]
[BlackElo "1244"]

1. e4 e6 2. d3 d5 3. Nd2 4. Nf6 5. Ngf3 6. c5 7. g3 8. Nc6 9. Bg2 10. Be7 11. O-O
12. O-O 13. Re1 14. Qc7 15. e5 16. Nd7 17. Qe2 18. b6 19. Nf1 20. Bb7 21. h4 22.
Rae8 23. Bf4 24. Qd8 25. N1h2 26. d4 27. Ng5 28. h6 29. Ngf3 30. Kh8 31. Qd2 32.
h5 33. Ng5 34. g6 35. Bf3 36. Qb8 37. Qe2 38. Kg7 39. Kg2 40. Nb4 41. a3 42. Nd5
43. Bd2 44. Rh8 45. Nh3 46. Rh7 47. Nf4 48. Qa8 49. Nxd5 50. Bxd5 51. Bxd5 52.
Qxd5+ 53. Nf3 54. Rhh8 55. Qe4 56. Qxe4 57. Rxe4 58. Rd8 59. Rae1 60. Nb8 61.
Bg5 62. Nc6 63. Rf4 64. Rd5 65. Bf6+ 66. Bxf6 67. Rxf6 68. Rhd8 69. Rf4 70. a6
71. Rfe4 Ne7 72. Nd2 73. b5 74. R4e2 75. Nc6 76. f4 77. Rc8 78. Ne4 79. Ne7 80.
b3 81. Nf5 82. Kf3 83. Rh8 84. Nf6 85. Rdd8 86. Ne4 87. Rd5 88. Ra1 89. a5 90.
Nf6 91. Rdd8 92. b4 cxb4 93. axb4 a4 94. Ne4 Rc8 95. Nc5 96. Rc7 1/2-1/2

[Event "Druzynowe Mistrzostwa Polski Juniorow - II liga"]
[Site "Sypniewo k. Jastrowia"]
[Date "2023-06-21"]
[Round "8.28"]
[White "Siwak, Aleksandra"]
[Black "Banasiak, Adrianna"]
[Result "0-1"]
[WhiteTitle "II"]
[BlackTitle "I"]
[WhiteElo "1172"]
[BlackElo "1507"]

1. e4 2. c5 3. Nc3 4. Nc6 5. g3 6. e6 7. Bg2 8. Nf6 9. d3 10. d5 11. f4 12. Be7
13. e5 14. Ng8 15. Nf3 16. h5 17. h3 18. Nh6 19. g4 20. Bh4+ 21. Kf1 22. Nd4 23.
g5 24. Nhf5 25. Nxd4 26. cxd4 27. Ne2 28. f6 29. exf6 30. gxf6 31. Rg1 32. fxg5
33. fxg5 34. Rf8 35. Nf4 36. Ng3+ 37. Ke1 38. Qxg5 39. Bf3 40. Qe5+ 41. Kf2 42.
Ne2+ 43. Kf1 44. Nxf4 45. Bxf4 46. Qxf4 47. Kg2 48. Qg3+ 0-1

[Event "Druzynowe Mistrzostwa Polski Juniorow - II liga"]
[Site "Sypniewo k. Jastrowia"]
[Date "2023-06-21"]
[Round "8.30"]
[White "Lechowski, Witold"]
[Black "Mosny, Kamil"]
[Result "1-0"]
[WhiteTitle "I"]
[BlackTitle "I"]
[WhiteElo "1635"]
[BlackElo "1715"]

1. Nf3 2. d5 3. g3 4. Nf6 5. Bg2 6. e6 7. O-O 8. Be7 9. d4 10. b5 11. b3 12. Ba6
13. Ne5 14. Nfd7 15. Nxd7 16. Nxd7 17. Bb2 18. Nf6 19. Nd2 20. O-O 21. e4 22.
Rc8 23. Re1 24. dxe4 25. Nxe4 26. Nxe4 27. Bxe4 28. c5 29. dxc5 30. Qxd1 31. Raxd1
32. Bxc5 33. Rd7 34. b4 35. Red1 36. Be2 37. Re1 38. Bb5 39. Rd2 40. Bc6 41. Bd3
42. Bd5 43. Red1 44. h6 45. Kf1 46. Bf3 47. Re1 48. Bb6 49. Be4 50. Bxe4 51. Rxe4
52. Rfd8 53. Ree2 54. Kf8 55. Ke1 56. g6 57. Bf6 58. Rxd2 59. Rxd2 60. e5 61.
Bxe5 62. a5 63. h3 64. Ke7 65. Kd1 66. Rc6 67. Bd4 68. Bc7 69. Be3 70. h5 71.
Rd5 72. Ke6 73. Rc5 74. Rxc5 75. Bxc5 76. Kd5 77. Be3 78. Bd8 79. Ke2 80. Ke4
81. f3+ 82. Kd5 83. Kd3 84. f5 85. Bf4 86. Bb6 87. Bb8 88. g5 89. g4 90. hxg4
91. hxg4 92. f4 93. Ke2 94. Ke6 95. Kd2 96. Kd5 97. Kd3 98. Bd8 99. Ba7 100. Bc7
101. Bf2 102. Bd8 103. Bd4 104. Be7 105. Bb6 106. a4 107. bxa4 108. Kc6 109. Bd4
110. Kd5 111. Bg7 112. Bd8 113. Bf8 114. Ba5 115. Be7 1-0

[Event "Druzynowe Mistrzostwa Polski Juniorow - II liga"]
[Site "Sypniewo k. Jastrowia"]
[Date "2023-06-21"]
[Round "8.31"]
[White "Ciupka, Kamil"]
[Black "Czak, Dominik"]
[Result "1/2-1/2"]
[WhiteTitle "II"]
[BlackTitle "I"]
[WhiteElo "1619"]
[BlackElo "1583"]

1. e4 2. c6 3. d4 4. d5 5. e5 6. c5 7. dxc5 8. e6 9. a3 10. a5 11. Be3 12. Qc7
13. Nf3 14. Bxc5 15. Bxc5 16. Qxc5 17. Nc3 18. Bd7 19. Bd3 20. Ne7 21. Qe2 22.
Ng6 23. Bxg6 24. hxg6 25. O-O 26. Qe7 27. Nb5 28. Bxb5 29. Qxb5+ 30. Qd7 31. Qe2
32. Nc6 33. Rfd1 34. Qe7 35. Rac1 36. g5 37. h3 38. O-O-O 39. Nd4 40. Nxd4 41.
Rxd4 42. Qc5 43. Qd3 44. Rh4 45. Rxh4 46. gxh4 47. Rd1 48. Qc4 49. Qd2 50. b6
51. c3 52. g6 53. Qe3 54. Qb3 55. Rd2 56. Kc7 57. Qf4 58. Rd7 59. Qxh4 60. Qa2
61. Qd4 62. Kc6 63. Kh2 64. b5 65. Qe3 66. Qb3 67. Qd3 68. Kb6 69. Qd4+ 70. Kc6
71. f4 72. Qc4 73. Kg3 74. Qf1 75. Qe3 76. Rd8 77. Rf2 78. Qc4 79. Rd2 80. Kb7
81. Rd4 82. Qb3 83. Qd2 84. Rc8 85. Kg4 86. Rc4 87. Kh4 88. Kc7 89. g4 90. Kd8
91. Kg5 92. Ke7 93. h4 94. Qa2 95. Rxc4 96. Qxc4 97. Qd4 98. Qc7 99. f5 100. gxf5
101. gxf5 102. exf5 103. Qxd5 104. Ke8 105. Qxb5+ 106. Kf8 107. Kxf5 108. Qc8+
109. Kf4 110. Qd8 111. Qc5+ 112. Kg7 113. Qg1+ 114. Kf8 115. Qf2 116. Qd5 117.
Qd4 118. Qb5 119. c4 120. Qb3 121. Ke4 122. Qb7+ 123. Kf4 124. Qh1 125. Qd8+ 126.
Kg7 127. Qg5+ 128. Kf8 129. Qg3 130. Qc1+ 131. Qe3 132. Qxc4+ 133. Kg5 134. Qc7
135. Qd4 136. Qe7+ 137. Kg4 138. Qe6+ 139. Kg3 140. Qg6+ 141. Kf3 142. Qf5+ 143.
Ke3 144. Qh3+ 145. Kd2 146. Qg2+ 147. Kc3 148. Qc6+ 149. Kb3 150. Qb5+ 151. Ka2
152. Kg8 153. h5 154. a4 155. h6 156. Qb3+ 157. Kb1 158. Kh7 159. Qd2 160. Qf3
161. Qc2+ 162. Kxh6 163. Qxa4 164. Qf5+ 165. Ka2 166. Qxe5 167. Qc6+ 168. Kg5
169. a4 170. f5 171. Qg2+ 172. Kf6 173. Qc6+ 174. Kg5 175. Qg2+ 1/2-1/2

[Event "Druzynowe Mistrzostwa Polski Juniorow - II liga"]
[Site "Sypniewo k. Jastrowia"]
[Date "2023-06-21"]
[Round "8.32"]
[White "Galla, Wiktor"]
[Black "Smolinski, Wojciech"]
[Result "1/2-1/2"]
[WhiteTitle "II"]
[BlackTitle "II"]
[WhiteElo "1479"]
[BlackElo "1472"]

1. Nf3 2. d5 3. e3 4. c5 5. d4 6. Nc6 7. dxc5 8. e6 9. Be2 10. Bxc5 11. O-O 12.
Nf6 13. b3 14. O-O 15. Bb2 16. Qe7 17. Nbd2 18. Bd7 19. c4 20. Rfd8 21. Rc1 22.
Ba3 23. Qc2 24. Rac8 25. Qb1 26. Bxb2 27. Qxb2 28. a6 29. Rfd1 30. Rc7 31. cxd5
32. exd5 33. Nd4 34. Rdc8 35. N2f3 36. Nxd4 37. Nxd4 38. Ne4 39. Rxc7 40. Rxc7
41. Rc1 42. Qd8 43. f3 44. Nf6 45. Rxc7 46. Qxc7 47. Qc2 48. Qe5 49. Qd2 50. h6
51. b4 52. Ne8 53. Nb3 54. Nd6 55. Qd4 56. Qe8 57. Bd3 58. Bf5 59. Kf2 60. Bxd3
61. Qxd3 1/2-1/2

[Event "Druzynowe Mistrzostwa Polski Juniorow - II liga"]
[Site "Sypniewo k. Jastrowia"]
[Date "2023-06-21"]
[Round "8.34"]
[White "Janikowska, Wiktoria"]
[Black "Trybus, Dominika"]
[Result "0-1"]
[WhiteTitle "I+"]
[BlackTitle "I++"]
[WhiteElo "1636"]
[BlackElo "1555"]

1. Nf3 2. d5 3. g3 4. e6 5. Bg2 6. b5 7. d4 8. Nf6 9. O-O 10. Be7 11. b3 12. Nbd7
13. c4 14. bxc4 15. bxc4 16. O-O 17. c5 18. Ba6 19. Nc3 20. c6 21. Qa4 22. Qc8
23. Re1 24. e5 25. Nxe5 26. Nxe5 27. dxe5 28. Nd7 29. Bh3 30. Bc4 31. e6 32. fxe6
33. Bxe6+ 34. Kh8 35. Ba3 36. Qc7 37. Bxd7 38. Qxd7 39. e4 40. Rf3 41. exd5 42.
Rxc3 43. Bb2 44. Bb5 45. Qe4 46. Bf6 47. Bxc3 48. Bxc3 49. d6 50. Bxa1 51. Rxa1
52. Re8 53. Qf4 54. h6 55. a4 56. Bd3 57. Rd1 58. Bf5 59. Qh4 60. Bh3 61. Qb4
62. Qf7 63. Qf4 64. Qb3 65. Rc1 66. Qd5 67. f3 68. Qa2 0-1

[Event "Druzynowe Mistrzostwa Polski Juniorow - II liga"]
[Site "Sypniewo k. Jastrowia"]
[Date "2023-06-21"]
[Round "8.36"]
[White "Doroba, Ludwik"]
[Black "Nowicki, Bartosz"]
[Result "1/2-1/2"]
[WhiteTitle "II"]
[BlackTitle "II+"]
[WhiteElo "1420"]
[BlackElo "1687"]

1. d4 d5 2. Bf4 3. Nf6 4. e3 5. c5 6. c3 7. Nc6 8. Nd2 9. Bf5 10. Ngf3 11. Qb6
12. Qc1 13. cxd4 14. exd4 15. h6 16. h3 17. e6 18. Be2 19. Be7 20. O-O 21. O-O
22. Ne5 23. Rac8 24. Ndf3 25. Rfd8 26. Nxc6 27. Rxc6 28. a4 29. a5 30. Bb5 31.
Rcc8 32. Ne5 33. Bd6 34. Re1 35. Qc7 36. Bd3 37. Bxd3 38. Nxd3 39. Bxf4 40. Qxf4
41. Qxf4 42. Nxf4 43. Rc4 44. Ra3 45. Rd6 46. Rb3 47. b6 48. Ra1 49. Nd7 50. Nd3
51. f6 52. f4 53. g5 54. g3 55. gxf4 56. gxf4 57. Kf7 58. Kf2 59. Rdc6 60. Rba3
61. Rc8 1/2-1/2